John and his friend: (Record no. 5134)

000 -LEADER
fixed length control field 00614nam a2200193 a 4500
001 - CONTROL NUMBER
control field :::00002875$&:&@@
003 - CONTROL NUMBER IDENTIFIER
control field OkBaRHE
005 - DATE AND TIME OF LATEST TRANSACTION
control field 20000607103257.0
008 - FIXED-LENGTH DATA ELEMENTS--GENERAL INFORMATION
fixed length control field s1899 j 000 0 eng u
040 ## - CATALOGING SOURCE
Transcribing agency
100 1# - MAIN ENTRY--PERSONAL NAME
Personal name Banks, Louis Albert, 1855-1933.
245 10 - TITLE STATEMENT
Title John and his friend:
Remainder of title a series of revival sermons.
260 ## - PUBLICATION, DISTRIBUTION, ETC. (IMPRINT)
Place of publication, distribution, etc New York, NY., :
Name of publisher, distributor, etc Funk & Wagnalls Co.
Date of publication, distribution, etc c1899
300 ## - PHYSICAL DESCRIPTION
Extent 289 p. ;
Dimensions 19 cm.
650 ## - SUBJECT ADDED ENTRY--TOPICAL TERM
Topical term or geographic name as entry element Evangelistic Sermons
650 ## - SUBJECT ADDED ENTRY--TOPICAL TERM
Topical term or geographic name as entry element John, Saint, apostle
942 ## - ADDED ENTRY ELEMENTS (KOHA)
Source of classification or shelving scheme
Koha item type Books
Copies
Permanent Location Not for loan Barcode Damaged status Date acquired Full call number Date last seen Price effective from Withdrawn status Source of classification or shelving scheme Shelving location Lost status Koha item type Copy number
RHEMA Bible Training College 2875 2010-04-14BS 2455 .B282018-03-162010-04-14  General Stacks Books1